000 00446nmm a2200157Ia 4500
008 251105s9999||||xx |||||||||||||||||und||
020 _a9788495495204
041 _aspa
100 _aVV.AA.
245 0 _aDiccionario Sirius de Astronomía
264 _a[Madrid, España] :
_bEquipo Sirius,
_c2002
300 _a160 páginas
650 _aEncyclopedias & Dictionaries
856 _uhttps://public.digitaliapublishing.com/a/70047
942 _cCF
999 _c89587
_d89587